| 000 | 00763nas a2200265 4500 | ||
|---|---|---|---|
| 001 | BR8902330 | ||
| 003 | BR-BrBNA | ||
| 005 | 20231205091532.0 | ||
| 007 | ta | ||
| 008 | 230509b bl.|||p| |||| 00| 00por d | ||
| 040 |
_aBR-BrBNA _bpor _cBiblioteca Nacional de Agricultura |
||
| 041 | _a(Pt) | ||
| 072 | _aF04 | ||
| 100 | 1 | _aMazzini, L.C. | |
| 100 | 1 | _aNakagawa, J. | |
| 100 | 1 | _aBull, L.T. | |
| 245 | 1 | _aAproveitamento de dois residuos industriais como biofertilizantes | |
| 650 | _aALFACE | ||
| 650 | _aRESIDUO ORGANICO | ||
| 650 | _aBIOFERTILIZANTE | ||
| 650 | _aCALAGEM | ||
| 773 | 0 |
_tRevista de Agricultura (Brazil) _xISSN 0034-7655 _g(Oct 1988), v. 63(1) p. 45-55 _wBR8902330 |
|
| 909 |
_a202311 _bLúcia _c55 _dLúcia Elande |
||
| 942 |
_2AGRIS _n0 _cANA |
||
| 999 |
_c125701 _d125701 |
||